| 000 | 00674cam a2200229 4500 | ||
|---|---|---|---|
| 008 | 090401t1992 xxu||||| |||| 00| 0 eng d | ||
| 020 | _a011752722X | ||
| 035 | _a(Sirsi) u63337 | ||
| 041 | _aeng | ||
| 050 | _a306.0212 | ||
| 110 |
_aUnited Kingdom _bDepartment of the Environment _9982 |
||
| 245 | _aHousing and construction statistics 1981-1991: Great Britain. | ||
| 260 |
_aLondon _bHMSO _c1992 |
||
| 300 | _axiv,220p. ; 30cm. | ||
| 350 | _a23.5 | ||
| 650 | _aBUILDING INDUSTRY | ||
| 690 | _aBUILT ENVIRONMENT | ||
| 710 |
_aScotland _bScottish Development Department _91311 |
||
| 710 |
_aUnited Kingdom _bWelsh Office _91214 |
||
| 942 | _n0 | ||
| 948 | _c04/03/1997 | ||
| 999 |
_c94534 _d94534 |
||